000 00617cam a2200193 a 4500
001 000007784
005 20200929154311.0
008 970922s1993 pr s000 1 spa
020 _a0865814716
040 _aDO-SdBNP
_cDLC
_dDLC
082 _aPR863.44
_bZ39L
100 1 _aZavala, Iris M.
_916792
245 1 3 _aEl libro de Apolonia o de las islas /
_cIris M. Zavala.
260 _aSan Juan, Puerto Rico :
_bInstituto de Cultura Puertorriqueña,
_c1993.
300 _a170 p. ;
_c21 cm.
650 4 _aNovela puertorriqueña
_91185
650 4 _aLiteratura puertorriqueña
_9250
910 _aCatalogación por copia / LC
999 _c7562
_d7562